000 00650cab a2200217 4500
001 A547
008 090401t1991 xxu||||| |||| 00| 0 eng d
035 _a(Sirsi) u29802
041 _aeng
100 _aFoulds, N.J.
245 _aEnglish / French building terms for surveyors
260 _c1991
350 _a0
490 _aStructural Survey
_v(1991) 10(1) 53-59(7); corrigendum (10)2 126(1)
520 _aProvides a list of French equivalents to some commonly used English building terms.
650 _aBUILT ENVIRONMENT-BUILDING MATERIALS
690 _aBUILT ENVIRONMENT
700 _aAdams, P. F.
942 _n0
948 _c04/03/1997
999 _c20044
_d20044